000 00882cam a2200277 a 4500
001 12417449
003 OSt
005 20161116175106.0
008 010522s2000 enka b 001 0 eng
010 _a 2001268342
020 _a0340763760
040 _aDLC
_cDLC
_dDLC
050 0 0 _aQP101
_b.L47 2000
082 0 0 _aWG 102 L579a 2000
_221
100 1 _aLevick, J. R.
_94837
245 1 3 _aAn Introduction to Cardiovascular Physiology
250 _a3rd ed.
260 _bOxford University Press,
_cc2000.
300 _aix, 433 p. :
_bill. (some col.) ;
_c25 cm.
504 _aIncludes bibliographical references and index.
650 0 _aCardiovascular system
_94838
650 0 _aPhysiology
_9215
856 4 1 _3Table of contents only
_uhttp://www.loc.gov/catdir/enhancements/fy0636/2001268342-t.html
906 _a7
_bcbc
_corigcop
_d2
_encip
_f20
_gy-gencatlg
942 _2z
_cSLOAN
999 _c1841
_d1841